Nationalism and Colonialism in Modern India (Record no. 14010)

MARC details
000 -LEADER
fixed length control field 00581nam a2200229 a 4500
020 ## - INTERNATIONAL STANDARD BOOK NUMBER
ISBN 9788125008101
082 00 - DEWEY DECIMAL CLASSIFICATION NUMBER
Classification number 324.245
Author Cutter CHA
100 ## - MAIN ENTRY--AUTHOR NAME
Author name Chandra, Bipan
245 ## - TITLE STATEMENT
Title Nationalism and Colonialism in Modern India
260 ## - PUBLICATION, DISTRIBUTION, ETC. (IMPRINT)
Place of publication New Delhi
Name of publisher Orient Blackswan
Year of publication 2009
300 ## - PHYSICAL DESCRIPTION
Number of Pages 402p
500 ## - GENERAL NOTE
General note includes index and biblioraphy
650 ## - SUBJECT ADDED ENTRY--TOPICAL TERM
Topical Term Nationalism
942 ## - ADDED ENTRY ELEMENTS (KOHA)
Koha item type Books
700 1# -
-- Chandra, Bipan
Holdings
Collection code Home library Current library Date acquired Cost, normal purchase price Full call number Accession Number Koha item type
  Henry Martyn Institute Library Henry Martyn Institute Library 02/24/2010 295.00 324.245 CHA 023153 Books
                   Copyright © 2026 | Henry Martyn Institute | Hyderabad | TS-500052 | INDIA | Implemented by hmi.edu.in
Hit-Count:

Powered by Koha